Most densely populated Cities in Pennsylvania - Statistics

General Stats
  • This quiz has been taken 17 times
  • The average score is 20 of 100
Answer Stats
Density City % Correct
10844.6 Philadelphia
100%
5248.9 Pittsburgh
94%
8071.8 Lancaster
81%
5241.3 Erie
75%
5666.2 Chester
69%
8152.4 York
69%
6600.9 Allentown
63%
9541.9 Norristown
63%
8689.4 Reading
63%
10215.1 West Chester
63%
5642.8 Wilkes-Barre
63%
6132.5 Lebanon
56%
9212.9 State College
56%
10578.8 Upper Darby
56%
6515.8 | 12686.5 Darby
44%
7001.3 Media
44%
7207.5 Yeadon
44%
12927.2 East Lansdowne
38%
7909.9 Indiana
38%
8993.2 Lansdowne
38%
5437.5 McKees Rocks
38%
15702.7 Millbourne
38%
11291.3 Parkside
38%
5748.9 Easton
31%
8904.1 Mount Carmel
31%
7388.4 Mount Penn
31%
5825.5 Ridley
31%
5811.7 Royersford
31%
8772.2 Shamokin
31%
7053.7 West Reading
31%
6953.1 Aldan
25%
5221.6 Bristol
25%
7184.9 Coatesville
25%
6130.0 Fountain Hill
25%
6332.8 Frackville
25%
7660.3 Jenkintown
25%
5947.0 Kingston
25%
6463.1 Ridley Park
25%
7378.2 Sharon Hill
25%
11285.5 Dormont
19%
5468.4 Lansdale
19%
7477.7 Morton
19%
7066.2 Wilkinsburg
19%
10107.0 Collingdale
13%
9860.5 Colwyn
13%
5707.7 Kennett Square
13%
7237.1 Norwood
13%
8731.4 Prospect Park
13%
7214.0 Swissvale
13%
7625.6 Ambler
6%
6418.5 Bridgeport
6%
7608.3 Conshohocken
6%
5443.5 Mt. Lebanon
6%
8538.8 Narberth
6%
5573.4 Rutledge
6%
6489.4 Applewold
0%
6198.3 Arnold
0%
7283.9 Aspinwall
0%
6794.5 Avalon
0%
7437.2 Bellevue
0%
5204.4 Boyertown
0%
5848.9 Brackenridge
0%
6643.6 Brentwood
0%
5199.7 Castle Shannon
0%
10561.9 Clifton Heights
0%
5204.7 Crafton
0%
6875.0 Dale
0%
5580.0 East Greenville
0%
5298.1 Edgewood
0%
5221.4 Freeland
0%
7340.5 Glenolden
0%
7654.4 Ingram
0%
5922.9 Lewisburg
0%
8076.5 Mahanoy City
0%
6495.7 McAdoo
0%
5931.6 McSherrystown
0%
6714.3 Mifflintown
0%
5508.8 Millvale
0%
6593.6 Minersville
0%
9982.4 Mount Oliver
0%
5339.9 New Brighton
0%
5514.5 North Wales
0%
6128.2 North York
0%
6689.0 Penbrook
0%
5394.7 Penndel
0%
8789.5 Pennsbury Village
0%
6506.9 Pitcairn
0%
7327.6 Rockledge
0%
5383.4 Sharpsburg
0%
5451.8 Shillington
0%
5272.7 Shiremanstown
0%
5925.1 Souderton
0%
5423.5 Southwest Greensburg
0%
5500.0 Turtle Creek
0%
6239.6 Wesleyville
0%
6692.1 West View
0%
8720.5 West York
0%
5320.5 Williamstown
0%
6745.1 Wilson
0%
No matching quizzes found
Score Distribution
Percent of People with Each Score
Percentile by Number Answered
Your Score History
You have not taken this quiz